[Event "SRB-chT3 East"]
[Site "Serbia"]
[Date "2017.10.13"]
[Round "8.4"]
[White "Kalcic, Krsta"]
[Black "Stojanovic, Goran"]
[Result "1/2-1/2"]
[WhiteElo "2136"]
[BlackElo "2044"]
[PlyCount "50"]
[EventDate "2017.09.03"]
[EventType "team-tourn"]
[EventRounds "11"]
[EventCountry "SRB"]
[SourceTitle "EXT 2022"]
[Source "ChessBase"]
[SourceDate "2021.10.06"]
[SourceVersion "1"]
[SourceVersionDate "2021.10.06"]
[SourceQuality "1"]

1. e4 d6 2. d4 Nf6 3. Nc3 g6 4. Be3 Bg7 5. h3 c6 6. a4 Qa5 7. Qd2 e5 8. Nge2 a6 9. g4 h5 10. g5 Nh7 11. d5 c5 12. Nc1 Nd7 13. Nb3 Qc7 14. a5 0-0 15. Rg1 Re8 16. Qe2 Rb8 17. Nd2 Nhf8 18. Nc4 b5 19. axb6 Nxb6 20. Na5 Ra8 21. f3 Bd7 22. Qf2 Reb8 23. b3 Nh7 24. Nd1 Nc8 25. Nb2 Nf8 1/2-1/2

[Event "SRB-chT3 East"]
[Site "Pozarevac"]
[Date "2014.10.03"]
[Round "2.16"]
[White "Stojanovic, Goran"]
[Black "Pantic, Dejan"]
[Result "1/2-1/2"]
[WhiteElo "2019"]
[BlackElo "1845"]
[PlyCount "104"]
[EventDate "2014.10.02"]
[EventType "team-swiss"]
[EventRounds "6"]
[EventCountry "SRB"]
[SourceTitle "EXT 2022"]
[Source "ChessBase"]
[SourceDate "2021.10.06"]
[SourceVersion "1"]
[SourceVersionDate "2021.10.06"]
[SourceQuality "1"]

1. e4 e5 2. Nf3 Nc6 3. d4 exd4 4. Nxd4 Nxd4 5. Qxd4 Qf6 6. Be3 Qxd4 7. Bxd4 b6 8. Nc3 Bb7 9. Nb5 Kd8 10. f3 a6 11. Nc3 Ne7 12. Bc4 f6 13. 0-0-0 Kc8 14. e5 f5 15. Rhe1 h5 16. Bf7 Bc6 17. Ne2 h4 18. h3 Rh6 19. Be3 Rh7 20. Bg5 Bb5 21. Nd4 c5 22. Bxe7 Bxe7 23. Nxf5 Bg5+ 24. Kb1 Kc7 25. Bd5 Rd8 26. Re4 Rf8 27. Nd6 Bf4 28. Nf7 g5 29. Nd6 Re7 30. c4 Bc6 31. Bxc6 Kxc6 32. Rd5 Bg3 33. a4 Rf4 34. Rxf4 Bxf4 35. Ne4 Bxe5 36. Nxg5 d6 37. Ne4 Rg7 38. Rd2 Bf4 39. Re2 Be5 40. Rd2 Bf4 41. Re2 Be5 42. Nd2 b5 43. axb5+ axb5 44. b3 Ra7 45. Re4 Ra1+ 46. Kc2 Rg1 47. Re2 b4 48. Kd3 Rd1 49. Kc2 Ra1 50. Kd3 Rd1 51. Kc2 Ra1 52. Kd3 Rd1 1/2-1/2